00773 a2200169 4500003000500000005001700005040000900022082001600031100003100047245019700078260003300275300001200308505021600320650001600536651001100552700004000563NUST20251111183752.0 cNust a621.382,ZIA aZia, CJUO Kamran (TCC-10) aDesign and implementation of mobile network using cordless telephones /cCJUO Kamran Zia, NC Sohaib Faruq, GC Umair Kaleem Butt, CQMS Salman Ahmed, GC Zeeshan Zafar and GC Waqqas Mansoor.  aRawalpindibMCS (NUST)c2002 a101 p.; aIntroduction (Page-2), The Dect Standard (Page-8), Hardware Implementation (Page-41), Dect / Gap Simulation Software (Page-64), Environmental Model (Page-91), Future Application and Recommendations (Page-111).  aUG Projects aTCC-10 aSupervised by Lec Aamir Masood Khan